书目信息 |
| 题名: |
公路经营企业财务会计
|
|
| 作者: | 刘家乡 主编 | |
| 分册: | ||
| 出版信息: | 北京 人民交通出版社 2005.01 |
|
| 页数: | 301页 | |
| 开本: | 21cm | |
| 丛书名: | ||
| 单 册: | ||
| 中图分类: | F542.6 | |
| 科图分类: | ||
| 主题词: | 公路运输--gong lu yun shu--企业管理--财务会计 | |
| 电子资源: | ||
| ISBN: | 7-114-05366-5 | |
| 000 | 00807nam0 2200229 450 | |
| 001 | 012006912417 | |
| 005 | 20060906102507.71 | |
| 010 | @a7-114-05366-5@dCNY15.00 | |
| 100 | @a20060610d2005 km y0chiy0120 ea | |
| 101 | 0 | @achi |
| 102 | @aCN@b110000 | |
| 105 | @aa a 000yy | |
| 200 | 1 | @a公路经营企业财务会计@Agong lu jing ying qi ye cai wu kuai ji@f刘家乡主编@Fliu jia xiang zhu bian |
| 210 | @a北京@c人民交通出版社@d2005.01 | |
| 215 | @a301页@c图@d21cm | |
| 320 | @a有书目 (第300-301页)。 | |
| 330 | @a本书以现行国家法律、行政法规和规章为依据, 主要研究公路经营企业有关路桥收费营业务会计核算的基础理论与方法。 | |
| 606 | 0 | @a公路运输@Agong lu yun shu@x企业管理@x财务会计 |
| 690 | @aF542.6@v4 | |
| 701 | 0 | @a刘家乡@Aliu jia xiang@4主编 |
| 801 | 0 | @aCN@bQSSK@c20060906 |
| 905 | @a10447@dF542.6@eL637 | |
| 公路经营企业财务会计/刘家乡主编.-北京:人民交通出版社,2005.01 |
| 301页:图;21cm |
| ISBN 7-114-05366-5:CNY15.00 |
| 本书以现行国家法律、行政法规和规章为依据, 主要研究公路经营企业有关路桥收费营业务会计核算的基础理论与方法。 |
| ● |
| 相关链接 |
|
|
|
正题名:公路经营企业财务会计
索取号:F542.6/L637
 
预约/预借
| 序号 | 登录号 | 条形码 | 馆藏地/架位号 | 状态 | 备注 |
| 1 | 584707 | 205847075 | 社科库409/409社科库 38排2列2层/ [索取号:F542.6/L637] | 在馆 | |
| 2 | 584708 | 205847084 | 社科库409/409社科库 38排2列2层/ [索取号:F542.6/L637] | 在馆 | |
| 3 | 584709 | 205847093 | 社科库409/409社科库 38排2列2层/ [索取号:F542.6/L637] | 在馆 |